000 00446nam a22001337a 4500
003 SGT
082 _a617.692
_bT14P
100 _aRIPUL, PAHWA
245 _aTO EVALUATE THE EFFECT OF VARYING PERCENTAGE OF RECASTED PFM ALLOY ON BONE STRENGTH AND TO ANALYSE THE OXIDE LAYER COMPOSITION USING SEM FOR EDX (AN IN VITRO DTUDY )
260 _aDELHI NCR
_bSGT UNIVERSITY GURUGRAM
_c2016
300 _a1-76
650 _aPROSTHODONTICS
942 _2ddc
_cTH
999 _c17112
_d17112